El Greco
Na minha lista:
| Autor principal: | |
|---|---|
| Formato: | Livro |
| Idioma: | espanhol |
| Publicado em: |
Madrid
Alianza
1994
|
| Colecção: | Textos Completos Alianza Cien, 49
|
| Assuntos: | |
| Tags: |
Adicionar Tag
Sem tags, seja o primeiro a adicionar uma tag!
|
MARC
| LEADER | 00000cam a2200000 a 4500 | ||
|---|---|---|---|
| 001 | UCF8941 | ||
| 003 | CL-VaPUC | ||
| 008 | 131011e19940000sp |||||||||||||||||spa|d | ||
| 020 | |a 8420646490 | ||
| 082 | 0 | 4 | |a 927.75903 |b CAL |2 21 |
| 100 | 0 | |a Calvo Serraller, Francisco |e author |9 571064 | |
| 245 | 1 | 3 | |a El Greco |
| 300 | |a 63 p | ||
| 942 | |c BK | ||
| 945 | |d 20131011 10:45:00 |a dcastane | ||
| 260 | |a Madrid |b Alianza |c 1994 | ||
| 600 | 0 | |a El Greco |9 341177 | |
| 650 | 0 | |a Biografías |9 255210 | |
| 650 | 0 | |a Pintores españoles |9 315216 | |
| 650 | 0 | |a Pintura española |9 315217 | |
| 583 | |a last modification |c 20131011 10:45:00 |k Rodrigo Vera | ||
| 490 | 0 | |a Textos Completos Alianza Cien, 49 | |
| 999 | |c 353440 |d 353438 | ||
| 952 | |0 0 |1 0 |3 erb |4 0 |6 927_759030000000000_CAL_1994 |7 0 |8 A |9 458657 |a BIBART |b BIBART |d 2019-11-23 |i 5005868 |o 927.75903 CAL 1994 |p 5005868 |r 2025-03-13 |w 2019-11-23 |y BK |z Catalogado en:20131011 |k ART | ||